000 07133cam a2200577 a 4500
999 _c3729
_d3729
001 ocn656158833
003 OCoLC
005 20180321162715.0
008 100809s2011 enkab b 001 0 eng
010 _a 2010033856
016 7 _a015618564
_2Uk
020 _a9780521196192
020 _a0521196191
020 _a0521144493
020 _a9780521144490
029 1 _aAU@
_b000045953705
029 1 _aCHBIS
_b006138197
029 1 _aCHVBK
_b171206592
029 1 _aNZ1
_b13630390
035 _a(OCoLC)656158833
_z(OCoLC)777192005
040 _aDLC
_beng
_cDLC
_dYDX
_dYDXCP
_dCDX
_dWAU
_dUTO
_dUKMGB
_dMIX
_dBTCTA
_dRCJ
_dEZU
_dN5L
_dOCLCF
_dEUX
_dOCLCQ
_dCHVBK
_dOCLCO
_dOCLCQ
_dMNG
_dOCLCQ
049 _aTZAA
050 0 0 _aHV6252
_b.I56
082 0 0 _a364
_222
100 _aNatarajan, M.
_eEd.
245 0 0 _aInternational crime and justice /
_cedited by Mangai Natarajan.
260 _aCambridge ;
_aNew York :
_bCambridge University Press,
_c2011.
300 _axxxvi, 533 pages :
_billustrations, map ;
_c24 cm
504 _aIncludes bibliographical references and index.
505 0 _aForeword -- Preface -- Introduction -- Part I. International Criminology: 1. The globalization of crime -- 2. Routine activities and transnational crime -- 3. Migration and crime -- 4. Political violence: a criminological analysis -- 5. International victimology -- 6. Children and international criminal justice -- 7. Women and international criminal justice -- 8. Culture and crime -- Part II. Law, Punishment, and Crime Control Philosophies of the World: 9. Legal systems of the world -- 10. Punishment philosophies --11. Cross-national measures of punitiveness -- 12. Prisons around the world -- 13. Crime prevention in international context -- Part III. Transnational Crime: 14. International drug trafficking --15. Trafficking in human beings --16. International trafficking of stolen vehicles -- 17. Small arms trafficking --18. Trafficking in art, antiquities, and cultural heritage -- 19. The illegal cigarette trade -- 20. Cyber crime -- 21. International fraud -- 22. Money laundering -- 23. Child pornography -- 24. Maritime crimes -- 25. Transnational environmental crime -- 26. The Bhopal gas disaster and corporate criminal negligence -- 27. Endangered species markets: a focus for criminology? -- 28. Corruption -- 29. Tourist and visitor crimes -- Part IV. Organized Crime and Terrorism: 30. Transnational organized crime -- 31. The rise of Balkan organized crime -- 32. Russian organized crime/groups -- 33. The Italian mafia -- 34. Extortion and organized crime -- 35. Asian organized crime groups -- 36. Drug cartels: neither holy, nor Roman, nor an empire -- 37. International implications of domestic terrorism -- 38. Terrorism -- Part V. International Crime: 39. Genocide, war crimes, and crimes against humanity -- 40. History of genocide -- 41. Apartheid: a crime against humanity -- 42. War crimes -- 43. Crime of aggression -- Part VI. Delivering International Justice: 44. The role of the United Nations -- 45. Treaties and international law -- 46. International criminal tribunals -- 47. The International Criminal Court -- ICC.
505 0 _a48. The ICC processing of the Darfur Situation -- 49. Victims' rights in the International Criminal Court -- 50. NGOs and international criminal justice -- 51. Human rights commissions -- 52. The Truth and Reconciliation Commission in South Africa -- 53. The Guatemalan truth commission -- Part VII. International Cooperation and Criminal Justice: 54. World policing systems -- 55. Cross-border policing -- 56. Challenge and transition -- policing developments in the European criminal justice system -- 57. The European Union and judicial cooperation -- 58. The longer arm of the law: the growth and limits of international law enforcement and criminal justice cooperation -- 59. International co-operation to combat money laundering -- Part VIII. International Research and Crime Statistics: 60. National crime statistics: U.S. uniform crime reports and the National Crime Victimization Survey -- 61. Highlights of the International Crime Victims Survey -- 62. Cross-national comparisons based on official statistics of crime -- 63. International self-report delinquency -- 64. Qualitative comparative criminological research methods -- Part IX. International Research Resources: 65. International criminal justice: printed and electronic media, journals and professional associations -- 66. World criminal justice library network.
520 _a"International crime and justice is an emerging field that covers international and transnational crimes that have not been the focus of mainstream criminology or criminal justice. This book examines the field from a global perspective. It provides an introduction to the nature of international and transnational crimes and the theoretical perspectives that assist in understanding the relationship between social change and the waxing and waning of the crime opportunities resulting from globalization, migration, and culture conflicts. Written by a team of world experts, it examines the central role of victim rights in the development of legal frameworks for the prevention and control of transnational and international crimes. It also discusses the challenges to delivering justice and obtaining international cooperation in efforts to deter, detect, and respond to these crimes. This book is arranged in nine parts covering the subject matter of international criminal justice. Each of the short chapters provides readers with an understanding of the main concepts relevant to the topic and sensitizes them to the complex nature of the problems"--
650 0 _aTransnational crime.
650 0 _aCriminology
_vCross-cultural studies.
650 0 _aCriminal justice, Administration of
_xInternational cooperation.
650 0 _aCriminal justice, Administration of
_vCross-cultural studies.
650 7 _aCriminal justice, Administration of.
_2fast
650 7 _aCriminal justice, Administration of
_xInternational cooperation.
_2fast
650 7 _aCriminology.
_2fast
650 7 _aTransnational crime.
_2fast
655 7 _aCross-cultural studies.
_2fast
_917691
700 1 _aNatarajan, Mangai.
856 4 1 _3Table of contents
_uhttp://catdir.loc.gov/catdir/enhancements/fy1012/2010033856-t.html
_zNo longer valid when searched on 5/4/2016.
856 4 1 _3Table of contents
_uhttp://catdir.loc.gov/catdir/enhancements/fy1106/2010033856-t.html
856 4 2 _3Contributor biographical information
_uhttp://catdir.loc.gov/catdir/enhancements/fy1012/2010033856-b.html
_zNo longer valid when searched on 5/4/2016.
856 4 2 _3Contributor biographical information
_uhttp://catdir.loc.gov/catdir/enhancements/fy1106/2010033856-b.html
856 4 2 _3Cover image
_uhttp://assets.cambridge.org/97805211/96192/cover/9780521196192.jpg
856 4 2 _3Publisher description
_uhttp://catdir.loc.gov/catdir/enhancements/fy1012/2010033856-d.html
_zNo longer valid when searched on 5/4/2016.
856 4 2 _3Publisher description
_uhttp://catdir.loc.gov/catdir/enhancements/fy1106/2010033856-d.html
942 _2lcc
_cBOOK